Cuenta de rectoría período 1992: informes de gestión, organismos de dirección superior
Guardat en:
| Format: | Llibre |
|---|---|
| Idioma: | espanyol |
| Publicat: |
Valparaíso
Universidad Católica de Valparaíso
1993
|
| Edició: | 1a. ed |
| Matèries: | |
| Etiquetes: |
Afegir etiqueta
Sense etiquetes, Sigues el primer a etiquetar aquest registre!
|
MARC
| LEADER | 00000nam a2200000 a 4500 | ||
|---|---|---|---|
| 001 | UCW7613 | ||
| 003 | CL-VaPUC | ||
| 005 | 20240724112520.0 | ||
| 008 | 930518e19930000CL |||||||||||||||||spa|d | ||
| 999 | |c 220322 |d 220320 | ||
| 040 | |c Pontificia Universidad Católica de Valparaíso | ||
| 082 | 0 | 4 | |a 378.101 |b CUE |2 21 |
| 245 | 1 | 0 | |a Cuenta de rectoría período 1992: informes de gestión, organismos de dirección superior |
| 250 | |a 1a. ed | ||
| 260 | |a Valparaíso |b Universidad Católica de Valparaíso |c 1993 | ||
| 300 | |a 223 p | ||
| 583 | |a last modification |c 20120606 03:38:39 |k Rodrigo Vera | ||
| 600 | 0 | |a Universidad Católica de Valparaíso |9 267924 | |
| 600 | 0 | 7 | |a Donoso Riveros, Bernardo Alfonso |d 1946- |9 885721 |
| 650 | 7 | |a INFORMES DE GESTION |2 CL-VaPUC |9 312822 | |
| 650 | 0 | |a Universidades |9 256317 | |
| 650 | 7 | |a RECTORES PUCV |2 CL-VaPUC |9 312823 | |
| 942 | |c BK |2 ddc | ||
| 945 | |d 19930518 00:00:00 | ||
| 952 | |0 0 |1 0 |4 0 |6 378_101000000000000_CUE_1993 |7 0 |8 P |9 212357 |a BIBEDU |b BIBEDU |c BIBEDU_PB |d 2019-11-15 |i 2805871 |o 378.101 CUE 1993 |p 2805871 |r 2024-01-25 |w 2019-11-15 |y BK |k EDU | ||
| 952 | |0 0 |1 0 |4 0 |6 378_101000000000000_CUE_1993 |7 0 |8 X |9 212358 |a FDOBUD |b FDOBUD |d 2019-11-15 |i 1022172 |o 378.101 CUE 1993 |p 1022172 |r 2019-11-15 |w 2019-11-15 |y BK_X |k FHP | ||